000 01363nam a2200337 c 4500
999 _c37657
_d37657
003 BLK
005 20220613125925.0
008 180408b bul|||||r ||||||| ||bul||
010 _aKNG00040822000
040 _aBLK
041 _aBUL
_cBUL
080 _aТорове. Торене. Стимулиране растежа на растенията. Растителни стимулатори
_b631.8
_z631.8
100 1 _aВакарелски, Йордан Н.
_eпърви автор
_9275699
139 _aВакарелски, Йордан Н. и др.
_bВ 17
245 1 0 _aМеханизация на торенето с органични и минерални торове
_cЙордан Н. Вакарелски; съавт. Спас Лалев.
257 _aBGR
260 _bХристо Г. Данов
_c1968
_aПловдив
300 _a175 с.
_bс ил.
_c21 см
380 _a63
490 _aПоредица Семена
_9205327
500 _a1 380 тир. - Библиогр. с. 173.
650 4 _aТорове и торене
_9275701
650 4 _aТорове, минерални
_9275702
650 4 _aТорове, органични
_9275703
700 1 _aЛалев, Спас
_eсъавт.
_9275700
852 _aЦб 44397
856 4 _qpdf
856 4 _qpdf
942 _cKNG
_n0
_s1
944 _aCR
_c24.08.2016
_kКети_Илиева
944 _aED
_c24.08.2016
_kКети_Илиева
999 _d37657